| 000 | | | 03778nmc2a2200000 x 450 |
| 001 | | | c76f49b3-6516-4a25-8568-4c6307fe49ac |
| 005 | | | 20151217174203.0 |
| 100 | ## | $a | 20150609l18221824k l0rusy0189 ca |
| 101 | 0# | $a | rus |
| 102 | ## | $a | RU |
| 200 | ## | $a | Прошение, поданное Александру I купеческим сыном Кузьмой Терентьевичем Самойловым, по делу о взыскании, наложенном на К.Т. Самойлова и его отца за постройки, произведенные ими сверх сметы и контракта в Скопинском военно-конном заводе, с приложением двух свидетельств об этих постройках и сопроводительное письмо к Иллариону Васильевичу Васильчикову начальника Главного штаба Ивана Ивановича Дибича |
| | $j | 7 февраля 1822 г. - 7 июня 1824 г. |
| 251 | ## | $c | Дело |
| 300 | ## | $a | Дело |
| 801 | #0 | $a | RU |
| | $b | РГИА |
| | $c | 20150609 |
| | $g | RCR |
| 801 | #1 | $a | RU |
| | $b | ГлавНИВЦ |
| | $c | 20150609 |
| | $2 | rusmarc |
| 801 | #2 | $a | RU |
| | $b | ПБ им. Б.Н. Ельцина |
| | $c | 20151217 |
| | $g | RCR |
| | $2 | rusmarc |
| 850 | ## | $a | РГИА |
| 852 | ## | $a | РГИА |
| | $e | Федеральное казенное учреждение "Российский государственный исторический архив" (РГИА) |
| | $j | 188 |
| 937 | ## | $h | РГИА |
| | $d | 12146447 |
| | $a | ASBIBLIO_SCAN |
| 462 | #0 | $1 | 001822e29f6-cf5c-4253-b938-c1de610979e5 |
| | $1 | 2001 |
| | $a | Архив князей Васильчиковых. 1706-1917 гг. |
| | $1 | 251 |
| | $c | Опись |
| | $1 | 852 |
| | $j | 1 |
| 461 | #0 | $1 | 001f72a1ecb-9a9a-44e3-87ff-4a647e6521fe |
| | $1 | 2001 |
| | $a | Васильчиковы, князья |
| | $1 | 251 |
| | $c | Фонд |
| | $1 | 852 |
| | $j | 651 |
| 215 | ## | $a | 9 л. |
| | $d | 36,5х26 см |
| 371 | ## | $a | Документ не является опубликованным и широко распространяемым |
| 105 | ## | $a | y### |
| 122 | 2# | $a | d |
| 035 | ## | $a | c76f49b3-6516-4a25-8568-4c6307fe49ac |